| 000 | 00613nam a2200217Ia 4500 | ||
|---|---|---|---|
| 003 | BUBTL | ||
| 008 | 151213s9999 xx 000 0 und d | ||
| 020 | _a0521439379 | ||
| 082 | _a418.007/ N92r/ 1992 | ||
| 100 |
_a David, Nunan _94691 |
||
| 245 |
_aResearch Methods In Language Learning : _cDavid Nunan |
||
| 250 | _a1st Edn | ||
| 260 |
_a U K _bCambridge University Press _cc1992 |
||
| 300 |
_a[xii] 249p. : _b21 cm |
||
| 521 | _aIncludes Index | ||
| 650 |
_aEnglish Language _9194 |
||
| 700 |
_aDavid Nunan _94692 |
||
| 856 |
_k0 _l0 _yDownload |
||
| 942 |
_2ddc _cBK |
||
| 999 |
_c4688 _d4688 |
||